Central Library OPAC University of Rajshahi

Tactics of scientific research : (Record no. 29317)

MARC details
000 -LEADER
fixed length control field 00753nam a22002411 4500
001 - CONTROL NUMBER
control field 29317
003 - CONTROL NUMBER IDENTIFIER
rucl marc code BD-RjUL
005 - DATE AND TIME OF LATEST TRANSACTION
control field 20211209051410.0
008 - FIXED-LENGTH DATA ELEMENTS--GENERAL INFORMATION
fixed length control field 140403r19611960nyua b 001 0 eng d
035 ## - SYSTEM CONTROL NUMBER
System control number (BD-RjUL)29402
040 ## - CATALOGING SOURCE
Original cataloging agency DLC
Transcribing agency DLC
Modifying agency DLC
-- BD-RjUL
Language of cataloging eng
041 ## - LANGUAGE CODE
Language code of text/sound track or separate title eng
082 00 - DEWEY DECIMAL CLASSIFICATION NUMBER
Classification number 150.7253
Author mark and year SIT 1961
100 1# - MAIN ENTRY--PERSONAL NAME
Personal name Sidman, Murray.
9 (RLIN) 89445
245 10 - TITLE STATEMENT
Title Tactics of scientific research :
Remainder of title evaluating experimental data in psychology /
Statement of responsibility, etc. Murray Sidman.
260 ## - PUBLICATION, DISTRIBUTION, ETC. (IMPRINT)
Place of publication, distribution, etc. New York :
Name of publisher, distributor, etc. Basic Books,
Date of publication, distribution, etc. 1960 [reprinted 1961].
300 ## - PHYSICAL DESCRIPTION
Pagination x, 428 p. :
Illustrations ill. ;
Size 24 cm.
504 ## - BIBLIOGRAPHY, ETC. NOTE
Bibliography, etc Includes bibliographical references and index.
650 #0 - SUBJECT ADDED ENTRY--TOPICAL TERM
Topical term or geographic name as entry element Psychology
General subdivision Methodology.
9 (RLIN) 89446
942 ## - ADDED ENTRY ELEMENTS (KOHA)
Source of classification or shelving scheme Dewey Decimal Classification
Koha item type Books
Holdings
Lost status Source of classification or shelving scheme Damaged status Not for loan Collection code Permanent Location Current Location Shelving location Date acquired Source of acquisition Cost, normal purchase price Total Checkouts Full call number Date last seen Copy number Koha item type
  Dewey Decimal Classification   Not For Loan Non-fiction Central Library, University of Rajshahi Central Library, University of Rajshahi Reading Room 02/04/1962 Mirza Books Agency. 37.50   150.7253 SIT 1961 03/04/2014 C-1 Books
  Dewey Decimal Classification     Non-fiction Central Library, University of Rajshahi Central Library, University of Rajshahi   12/12/2012 Zeithinger     150.7253 SIT 1961 14/11/2016 C-2 Books